[Event "London SCCU op"]
[Site "London"]
[Date "1995.08.??"]
[Round "7"]
[White "Gufeld, Eduard"]
[Black "Sands, David"]
[Result "1/2-1/2"]
[WhiteElo "2440"]
[BlackElo "2235"]

1.e4 c5 2.Nf3 Nc6 3.d4 cxd4 4.Nxd4 Nf6 5.Nc3 d6 6.Bg5 Bd7 7.Nb3 a6 8.Bd3 e6
9.O-O Be7 10.f4 O-O 11.Qe2 b5 12.e5 Ne8 13.Bxe7 Qxe7 14.Rad1 Rd8 15.Rfe1 dxe5
16.fxe5 b4 17.Nb1 a5 18.Qf2 Nc7 19.N1d2 Nd5 20.Nc4 Be8 21.Kh1 a4 22.Nbd2 f5
23.exf6 Rxf6 24.Qg3 Bg6 25.Ne4 Rff8 26.Ned6 Bxd3 27.Rxd3 Qf6 28.h3 Nf4 29.Rdd1 e5
30.c3 bxc3 31.bxc3 Qe6 32.Qf3 Qd7 33.Kh2 Kh8 34.Rd2 Qc7 35.Red1 h6 36.Kh1 Rf6
37.Nb5 Qe7 38.Rxd8+ Nxd8 39.Qa8 Rf8 40.Qe4 Nf7 41.Nbd6 Nxd6 42.Rxd6 Re8 43.Ra6 Nh5
44.Qg6 Nf6 45.Nd6 Rf8 46.Ne4 Nxe4 47.Qxe4 Qc5 48.Ra8 Rxa8 49.Qxa8+ Kh7 50.Qxa4 Qxc3
51.Qe4+ Kh8 52.a4 Qc1+ 53.Kh2 Qc3 54.Kg1 Qb2 55.Kf1 Qd2 56.h4 Qb2 57.Ke1 Qc3+
58.Ke2 Qc5 59.g4 Qc1 60.Kf2 Qd2+ 61.Kg3 Qc3+ 62.Kf2 Qd2+ 63.Kg3 Qc3+ 64.Kf2 Qd2+  1/2-1/2

[Event "Cseppko op"]
[Site "Aggtelek"]
[Date "1995.??.??"]
[Round "?"]
[White "Racz, Zoltan"]
[Black "Varga, Peter"]
[Result "0-1"]
[WhiteElo "2250"]
[BlackElo "2440"]

1.e4 c5 2.Nf3 Nc6 3.d4 cxd4 4.Nxd4 Nf6 5.Nc3 d6 6.Bg5 e6 7.Qd2 a6 8.O-O-O h6
9.Bf4 Bd7 10.Nxc6 Bxc6 11.f3 d5 12.Qe1 Bb4 13.Bd2 Rc8 14.e5 Nd7 15.Kb1 Be7
16.Qg3 g6 17.h4 Qc7 18.Bf4 Bb4 19.Bd3 Bxc3 20.bxc3 Bb5 21.Bxb5 axb5 22.Rxd5 exd5
23.e6 Qxc3 24.Re1 Qxc2+ 25.Ka1 Nc5  0-1

[Event "Agios Nikolaos op"]
[Site "Agios Nikolaos"]
[Date "1995.??.??"]
[Round "7"]
[White "Georgiev, Krum"]
[Black "Nikolaidis, Konstantinos"]
[Result "1/2-1/2"]
[WhiteElo "2445"]
[BlackElo "2290"]

1.e4 c5 2.Nf3 d6 3.d4 cxd4 4.Nxd4 Nf6 5.Nc3 Nc6 6.Bg5 e6 7.Qd2 Be7 8.O-O-O O-O
9.f4 Nxd4 10.Qxd4 Qa5 11.Kb1 Rd8 12.Be2 Bd7 13.Rd3 Rac8 14.Rhd1 Bc6 15.Rg3  1/2-1/2

[Event "Albacete op"]
[Site "Albacete"]
[Date "1995.??.??"]
[Round "?"]
[White "Gonzalez Diaz, Julio"]
[Black "Komljenovic, Davor"]
[Result "0-1"]
[WhiteElo "2040"]
[BlackElo "2485"]

1.e4 c5 2.Nf3 d6 3.d4 cxd4 4.Nxd4 Nf6 5.Nc3 Nc6 6.Bg5 Bd7 7.Bxf6 gxf6 8.Bc4 Nxd4
9.Qxd4 Rg8 10.g3 Qa5 11.O-O-O Rc8 12.Qd5 Qxd5 13.Bxd5 Rc7 14.f4 e6 15.Bb3 a6
16.Rd2 h5 17.Kb1 h4 18.Rd3 Rc5 19.Rg1 b5 20.Nd1 hxg3 21.hxg3 Rh5 22.c4 Bc6
23.Re3 Bh6 24.cxb5 axb5 25.Rf1 Rh3 26.Rff3 Rh1 27.Rf2 Rg1 28.Rh2 Bf8 29.Rh3 d5
30.exd5 Bxd5 31.Kc2 Bg2 32.Rh2 f5 33.Nc3 Bc5 34.Rd3 Ke7 35.a3 Bc6 36.Ne2 Be4
37.Nxg1 Rxg3 38.Rd2 Rxg1 39.Kc3 Bxd3 40.Rxd3 Rf1 41.Bd1 Rxf4 42.b4 Bd6 43.Bf3 Rh4
44.Bc6 Rc4+  0-1

[Event "Alma Ata"]
[Site "Alma Ata"]
[Date "1995.??.??"]
[Round "7"]
[White "Kotsur, Pavel"]
[Black "Dzuban, Oleg I"]
[Result "1-0"]
[WhiteElo "2415"]
[BlackElo "2440"]

1.e4 c5 2.Nf3 Nc6 3.d4 cxd4 4.Nxd4 Nf6 5.Nc3 d6 6.Bg5 e6 7.Qd3 a6 8.O-O-O Bd7
9.f4 h6 10.Bh4 Qa5 11.Kb1 Be7 12.Nb3 Qc7 13.Be2 b5 14.Bxf6 gxf6 15.Bh5 b4
16.Ne2 Rg8 17.f5 e5 18.Qd5 Rg7 19.Rd3 Kf8 20.Rg3 Be8 21.Qd2 Rg5 22.h4 Rxg3
23.Nxg3 Kg7 24.Be2 Kh7 25.Nh5 a5 26.Rh3 Qd8 27.Rg3 Bf8 28.Bc4 a4 29.Qe2  1-0

[Event "Altensteig"]
[Site "Altensteig"]
[Date "1995.??.??"]
[Round "7"]
[White "Gabriel, Christian"]
[Black "Grosar, Aljosa"]
[Result "1/2-1/2"]
[WhiteElo "2475"]
[BlackElo "2485"]

1.e4 c5 2.Nf3 d6 3.d4 cxd4 4.Nxd4 Nf6 5.Nc3 Nc6 6.Bg5 e6 7.Qd2 a6 8.O-O-O Bd7
9.f3 Be7 10.h4 Nxd4 11.Qxd4 Qc7 12.Kb1 Bc6 13.g4 Rd8 14.h5 h6 15.Bh4 e5 16.Qf2 Nh7
17.Bxe7 Qxe7 18.Qb6 Ng5 19.Be2 O-O 20.Rd2 Rd7 21.Rhd1 Rc8 22.Nd5 Bxd5 23.Rxd5 Rc6
24.Qe3 Ne6 25.c3 Qd8 26.R5d2 b5 27.Bd3 Qb6 28.Qxb6 Rxb6 29.b4 Kf8 30.Kc1 Ke7
31.a4 Rc7 32.axb5 Rxc3+ 33.Kb2 Rc8 34.bxa6 Nc5 35.Ka3 Nxa6 36.Bxa6 Rxa6+
37.Kb3 Rca8 38.Rd3 Kd7 39.Rd5 Ra3+ 40.Kc4 Rc8+ 41.Rc5 Rxc5+ 42.bxc5 Ra6 43.Kb5 Rc6
44.Rd5 Rxc5+  1/2-1/2

[Event "Donner mem op"]
[Site "Amsterdam"]
[Date "1995.??.??"]
[Round "1"]
[White "Van der Wiel, John TH"]
[Black "Ragaa, Hassan"]
[Result "1-0"]
[WhiteElo "2545"]
[BlackElo "2245"]

1.e4 c5 2.Nf3 Nc6 3.d4 cxd4 4.Nxd4 Nf6 5.Nc3 d6 6.Bg5 e6 7.Qd2 a6 8.Be2 h6
9.Bh4 Be7 10.O-O-O Bd7 11.Nb3 g5 12.Bg3 e5 13.f3 b5 14.Nd5 Nxd5 15.exd5 Na7
16.Bf2 Qc7 17.Nc5 dxc5 18.d6 Bxd6 19.Qxd6 Qxd6 20.Rxd6 Nc8 21.Rd5 f6 22.Rhd1 Ra7
23.Rxc5 Rb7 24.f4 O-O 25.Bf3  1-0

[Event "Ankara zt"]
[Site "Ankara"]
[Date "1995.??.??"]
[Round "7"]
[White "Nikolaidis, Ioannis"]
[Black "Atalik, Suat"]
[Result "0-1"]
[WhiteElo "2505"]
[BlackElo "2500"]

1.e4 c5 2.Nf3 d6 3.d4 cxd4 4.Nxd4 Nf6 5.Nc3 Nc6 6.Bg5 e6 7.Qd2 a6 8.O-O-O h6
9.Bf4 Bd7 10.Nxc6 Bxc6 11.f3 d5 12.Qe1 Bb4 13.a3 Ba5 14.Bd2 d4 15.e5 Qc7
16.Nb1 Ba4 17.b3 Bxb3 18.Bd3 Bxd2+ 19.Kxd2 Bd5 20.exf6 Qf4+ 21.Ke2 Bxf3+
22.gxf3 Qe3+ 23.Kf1 Qxf3+ 24.Qf2 Qxd1+ 25.Kg2 Qg4+ 26.Qg3 Qxg3+ 27.hxg3 gxf6
28.Nd2 b5 29.Nb3 e5 30.Nc5 Ke7 31.g4 a5 32.Kf3 Rab8 33.Bf5 Rb6 34.Rb1 h5
35.Nd7 hxg4+ 36.Bxg4 Rc6 37.Rxb5 Rc3+ 38.Ke4 Rh4 39.Kd5 Rc7 40.Bf5 Rf4 41.Bh3 d3  0-1

[Event "Ano Liosia op"]
[Site "Ano Liosia"]
[Date "1995.??.??"]
[Round "4"]
[White "Kotronias, Vasilios"]
[Black "Atalik, Suat"]
[Result "0-1"]
[WhiteElo "2570"]
[BlackElo "2500"]

1.e4 c5 2.Nf3 d6 3.d4 cxd4 4.Nxd4 Nf6 5.Nc3 Nc6 6.Bg5 e6 7.Qd2 a6 8.O-O-O h6
9.Bf4 Bd7 10.Nxc6 Bxc6 11.f3 d5 12.Qe1 Bb4 13.a3 Ba5 14.Bd2 d4 15.Ne2 Bc7
16.Nf4 a5 17.e5 Nd7 18.Nd3 b5 19.Qg3 g6 20.h4 b4 21.a4 Bxa4 22.b3 Bc6 23.h5 g5
24.f4 a4 25.Kb2 axb3 26.cxb3 Be4 27.Be2 gxf4 28.Qxf4 Bf5 29.Ra1 Rxa1 30.Rxa1 O-O
31.Qxh6 Nxe5 32.Bg5 f6 33.g4 Nxd3+ 34.Kc2 Nf4+ 35.Kd2 fxg5 36.gxf5 Qf6 37.Rc1 Qxh6  0-1

[Event "Antwerp op"]
[Site "Antwerp"]
[Date "1995.??.??"]
[Round "6"]
[White "Dutreeuw, Marc"]
[Black "Lugovoi, Aleksei"]
[Result "1/2-1/2"]
[WhiteElo "2370"]
[BlackElo "2490"]

1.e4 c5 2.Nf3 Nc6 3.d4 cxd4 4.Nxd4 Nf6 5.Nc3 d6 6.Bg5 e6 7.Qd2 Be7 8.O-O-O O-O
9.f4 Nxd4 10.Qxd4 Qa5 11.e5 dxe5 12.Qxe5 Qxe5 13.fxe5 Nd5 14.Bxe7 Nxe7 15.Bd3 b6
16.Be4 Rb8 17.Rhe1 Bb7 18.Rd7 Bxe4 19.Nxe4 Nc6 20.Nd6 Rfd8 21.Rc7 Nxe5 22.Nb5 f6
23.Rxa7 Ra8 24.Rxa8 Rxa8 25.a3 Kf7 26.b3 g5 27.a4 g4 28.Kd2 h5 29.Nd4 h4
30.Kc3 Rc8+ 31.Kb4 Rd8 32.Kc3 h3 33.gxh3 Rxd4 34.Kxd4 Nf3+ 35.Kc3 Nxe1 36.hxg4 Nf3
37.h3 Ke7 38.Kd3 Kd6 39.Ke3 Ne5 40.Ke4 Ng6 41.b4 Ne5 42.c3 Ng6 43.Kd4 Kc6
44.Ke4 b5 45.a5 e5 46.Kf3 Kd5 47.Kg3 Nf4 48.h4 Ne2+ 49.Kg2 Nxc3 50.h5 Ne4
51.h6 Ng5 52.Kf2 Kc6  1/2-1/2

[Event "Antwerp op"]
[Site "Antwerp"]
[Date "1995.??.??"]
[Round "8"]
[White "Van der Vorm, Teun"]
[Black "Docx, Stefan"]
[Result "0-1"]
[WhiteElo "2405"]
[BlackElo "2295"]

1.e4 c5 2.Ne2 Nc6 3.d4 cxd4 4.Nxd4 Nf6 5.Nc3 d6 6.Bg5 e6 7.Qd2 Be7 8.O-O-O Nxd4
9.Qxd4 O-O 10.e5 dxe5 11.Qxe5 Qb6 12.Be3 Ng4 13.Bxb6 Nxe5 14.Bc7 Ng4 15.Bg3 Nf6
16.Bh4 b6 17.f3 Bb7 18.Nb5 Bc5 19.c4 a6 20.Nc3 Bc6 21.Bd3 h6 22.Rhe1 Rfc8
23.Kb1 Bb4 24.Rc1 Rd8 25.Red1 Rac8 26.Ne4 Bxe4 27.fxe4 g5 28.Bg3 Nh5 29.Bf2 Nf4
30.Bf1 Bc5 31.Bxc5 bxc5 32.Kc2 e5 33.g3 Ne6 34.Rd5 Nd4+ 35.Kd3 a5 36.Rd1 Re8
37.Bh3 Rc7 38.Rf1 Kg7 39.Rd6 Rb8 40.Rf2 h5 41.Ra6 Nc6 42.Kc3 Rd8 43.Rd2 Rd4
44.Rxd4 exd4+ 45.Kd2 Ne5 46.Bf1 Nf3+ 47.Kd3 Nxh2 48.Bg2 Ng4 49.b3 Ne3 50.Bf3 g4
51.Be2 h4 52.gxh4 g3 53.Bf3 g2 54.Bxg2 Nxg2 55.Rxa5 Nf4+ 56.Kd2 Rc8 57.Rb5 Ne6
58.a4 Rh8 59.b4 Rxh4 60.bxc5 Rh2+ 61.Kd3 Rh3+ 62.Kd2 Rc3 63.Rb7 Nxc5 64.Rc7 Rxc4
65.Ke2 Rc3 66.a5 d3+ 67.Ke3 d2+ 68.Ke2 Rd3 69.Kd1 Nxe4  0-1

[Event "ARG-ch"]
[Site "?"]
[Date "1995.??.??"]
[Round "3"]
[White "Rosito, Jorge"]
[Black "Zarnicki, Pablo"]
[Result "0-1"]
[WhiteElo "2340"]
[BlackElo "2570"]

1.e4 c5 2.Nf3 d6 3.d4 cxd4 4.Nxd4 Nf6 5.Nc3 Nc6 6.Bg5 e6 7.Bb5 Qb6 8.Bxf6 gxf6
9.Nd5 exd5 10.exd5 a6 11.Qe2+ Kd8 12.Nxc6+ bxc6 13.Bxc6 Ra7 14.Qe8+ Kc7 15.O-O Kb8
16.Rfe1 Bg7 17.Qe4 f5 18.Qf4 Rd8 19.Re3 Qd4 20.Qg5 Bf6 21.Qh5 Rc7 22.Qe2 Ka7
23.Rd1 Qg4 24.f3 Qh4 25.g3 Qb4 26.Kh1 Qc5 27.b4 Qxb4 28.Rb3 Qc5 29.Rdb1 Rxc6
30.dxc6 Qxc6 31.Rb8 Bd4 32.Qd3 Bc5 33.Qb3 Rd7 34.Kg2 Bb7 35.Re8 Rc7 36.Rbe1 Bb6
37.Qd3 Qxc2+ 38.Qxc2 Rxc2+ 39.R1e2 Rxe2+ 40.Rxe2 Bd8 41.Re8 Bf6 42.Kf2 Bd5
43.a3 Bb2 44.h4 Bxa3 45.Rh8 Bb2 46.Rxh7 a5 47.Rh6 f6 48.Rh5 a4 49.Rxf5 Be5
50.h5 a3 51.h6 a2 52.h7 a1=Q 53.h8=Q Bd4+  0-1

[Event "AUT-chT2S 9495"]
[Site "?"]
[Date "1995.??.??"]
[Round "3"]
[White "Groszpeter, Attila"]
[Black "Kiss, Attila"]
[Result "1-0"]
[WhiteElo "2520"]
[BlackElo "2370"]

1.e4 c5 2.Nf3 Nc6 3.d4 cxd4 4.Nxd4 Nf6 5.Nc3 d6 6.Bg5 e6 7.Qd2 Be7 8.O-O-O Nxd4
9.Qxd4 O-O 10.f4 a6 11.Be2 Qa5 12.e5 dxe5 13.Qxe5 b5 14.Rd3 Nd7 15.Qe4 Nc5
16.Qxa8 f6 17.Qa7 Rf7 18.Bxf6 Nxd3+ 19.Bxd3 gxf6 20.Qa8 Qc7 21.f5 Rf8 22.Qf3 Bd6
23.Rf1 Be5 24.Nd1 exf5 25.g3 Rd8 26.Kb1 Qd6 27.a3 b4 28.Bc4+ Kh8 29.a4 Qd4
30.Bb3 a5 31.Qc6 Kg7 32.Qb5 Bc7 33.Nf2 Qe5 34.Qc4 Rd2 35.Qf7+  1-0

[Event "AUT-chT2S 9495"]
[Site "?"]
[Date "1995.??.??"]
[Round "6"]
[White "Hazai, Laszlo"]
[Black "Karolyi, Tibor Jr"]
[Result "1/2-1/2"]
[WhiteElo "2475"]
[BlackElo "2385"]

1.e4 c5 2.Nf3 d6 3.d4 cxd4 4.Nxd4 Nf6 5.Nc3 Nc6 6.Bg5 e6 7.Qd2 a6 8.O-O-O Bd7
9.f4 h6 10.Bh4 g5 11.fxg5 Ng4 12.Nf3 hxg5 13.Bg3 Nge5 14.Kb1 Be7 15.Ne2 Nxf3
16.gxf3 Ne5 17.Nd4 Qc7 18.Be2  1/2-1/2

[Event "AUT-chT9495"]
[Site "?"]
[Date "1995.??.??"]
[Round "?"]
[White "Balinov, Ilija"]
[Black "Felsberger, Alfred"]
[Result "1/2-1/2"]
[WhiteElo "2340"]
[BlackElo "2395"]

1.e4 c5 2.Nf3 d6 3.d4 cxd4 4.Nxd4 Nf6 5.Nc3 Nc6 6.Bg5 e6 7.Qd2 Be7 8.O-O-O O-O
9.f4 h6 10.Bh4 e5 11.Nf5 Bxf5 12.exf5 exf4 13.Kb1 d5 14.Bxf6 Bxf6 15.Nxd5 Be5
16.Bc4 Qd6 17.Rhe1 Rad8 18.Re4 Kh8 19.Qe1 b5 20.Be2 Qc5 21.b4 Nxb4 22.Nxb4 Bc3
23.Qh4 Rxd1+ 24.Bxd1 Bxb4 25.Qxf4 Bc3 26.Qe3 Qa3 27.Qc1 Qd6 28.Be2 Qxh2 29.Qf1 Bf6
30.Bd3 Qd6 31.Qe1 Kh7 32.Qb4 Qb6 33.a4 Rc8 34.Qxb5 Qd6 35.Rb4 a6 36.Qb7 Rc7
37.Qe4 Re7 38.Qc4 Re1+ 39.Ka2 Qe5 40.c3 Rg1 41.Qd4 Rxg2+ 42.Rb2 Rxb2+ 43.Kxb2 Qxd4
44.cxd4 Bxd4+ 45.Kc2 a5 46.Bc4 Kg8 47.Kd3 Bb2 48.Ke4 Kf8 49.Kf4 Ke7 50.Kg4 g6
51.fxg6 fxg6 52.Bd3 Kf6 53.Bb5 h5+ 54.Kh4 Kg7 55.Be8 Kh6 56.Kg3 Be5+ 57.Kf3 Bd6
58.Ke4 Bb4 59.Bf7 Kg5 60.Kf3 Kf6 61.Be8 Bc3 62.Ke4 Bb2 63.Kf3 Bc1 64.Kg3 Kg5
65.Kf3 Kh6 66.Ke4 Kg5 67.Kf3 Kf5 68.Kg3 Bd2 69.Kf3 Kg5 70.Bf7 Kh6 71.Ke4 g5
72.Kf5 g4 73.Be8 Bb4 74.Bf7 Bd6 75.Be8  1/2-1/2

[Event "AUT-chT9495"]
[Site "?"]
[Date "1995.??.??"]
[Round "?"]
[White "Jansa, Vlastimil"]
[Black "Van der Wiel, John TH"]
[Result "1/2-1/2"]
[WhiteElo "2525"]
[BlackElo "2570"]

1.e4 c5 2.Nf3 d6 3.d4 cxd4 4.Nxd4 Nf6 5.Nc3 Nc6 6.Bg5 e6 7.Qd2 a6 8.O-O-O Bd7
9.f4 h6 10.Bh4 g5 11.fxg5 Ng4 12.Nf3 hxg5 13.Bg3 Be7 14.Kb1 Nge5 15.Bd3 Nxf3
16.gxf3 Qc7 17.Qf2 O-O-O 18.h4 gxh4 19.Bxh4 Bxh4 20.Rxh4 Ne7 21.a3 Bc6 22.Bc4 Rxh4
23.Qxh4 Ng6 24.Qg3 Qe7 25.Bb3 Kc7 26.Ne2 Qh4 27.Qg1 Qf6 28.Nd4 Bd7 29.Qe3 Kb8
30.Ne2 Bb5  1/2-1/2

[Event "AUT-chT2S 9596"]
[Site "AUT"]
[Date "1995.??.??"]
[Round "?"]
[White "Hresc, Vladimir"]
[Black "Cigan, Stefan"]
[Result "1-0"]
[WhiteElo "2445"]
[BlackElo "2370"]

1.e4 c5 2.Nf3 Nc6 3.d4 cxd4 4.Nxd4 Nf6 5.Nc3 d6 6.Bg5 e6 7.Qd2 a6 8.O-O-O Bd7
9.f4 h6 10.Bh4 g5 11.fxg5 Ng4 12.Be2 Nge5 13.Nf3 Be7 14.Kb1 Rg8 15.Bg3 hxg5
16.Nxe5 Nxe5 17.Bxe5 dxe5 18.Bh5 Rg7 19.Rhf1 Qc7 20.Rxf7 Rxf7 21.Bxf7+ Kxf7
22.Qxd7 Qxd7 23.Rxd7 Rh8 24.h3 Rh4 25.Rxb7 Rf4 26.Rd7 Rf2 27.g4 Rf1+ 28.Rd1 Rf3
29.Rd3 Rf1+ 30.Rd1 Rf3 31.Rh1 Re3 32.a3 Kg6 33.Kc1 Bc5 34.Kd2 Bd4 35.Nd1 Rxe4
36.c3 Bb6 37.Re1 Rf4 38.Rxe5 Kf6 39.Re1 Rf3 40.Rh1 Rg3 41.Ke2 Ke5 42.h4 Rxg4
43.h5 Re4+ 44.Kf3 Rf4+ 45.Kg3 Kf6 46.h6 Bc7 47.Kg2 Rg4+ 48.Kf3 Rf4+ 49.Ke3 Bb6+
50.Ke2 Re4+ 51.Kf3 Rf4+ 52.Kg3 Bc7 53.Nf2 Rh4+ 54.Kg2 Rxh1 55.Kxh1 Kf5 56.Kg2 g4
57.c4 g3 58.h7 Be5 59.Nd3 Bf6 60.Kxg3 Kg6 61.c5 Kxh7 62.c6  1-0

[Event "AUT-chT2O 9596"]
[Site "AUT"]
[Date "1995.??.??"]
[Round "3"]
[White "Janetschek, Karl"]
[Black "Wirius, Stefan"]
[Result "1/2-1/2"]
[WhiteElo "2310"]
[BlackElo "2270"]

1.e4 c5 2.Nf3 d6 3.d4 cxd4 4.Nxd4 Nf6 5.Nc3 Nc6 6.Bg5 e6 7.Qd2 a6 8.O-O-O Bd7
9.f4 h6 10.Bh4 g5 11.fxg5 Ng4 12.Be2 Nge5 13.Nf3 Be7 14.Kb1 hxg5 15.Bg3 b5
16.Rhf1 Rb8 17.Nxe5 Nxe5 18.Bxe5 dxe5 19.Qe3 b4 20.Na4 Qc7 21.b3 Bxa4 22.bxa4 Rxh2
23.Rh1 Rxh1 24.Rxh1 Qc3  1/2-1/2

[Event "Azov"]
[Site "Azov"]
[Date "1995.??.??"]
[Round "2"]
[White "Berelovich, Aleksandar"]
[Black "Ryskin, Alexander"]
[Result "0-1"]
[WhiteElo "2485"]
[BlackElo "2440"]

1.e4 c5 2.Nf3 d6 3.d4 cxd4 4.Nxd4 Nf6 5.Nc3 Nc6 6.Bg5 e6 7.Qd2 a6 8.O-O-O Bd7
9.f4 h6 10.Bxf6 Qxf6 11.Nb3 Qd8 12.h4 Qc7 13.Rh3 O-O-O 14.h5 Kb8 15.Kb1 Be7
16.Rf3 Rhg8 17.a3 Na7 18.Na2 Bc6 19.Re3 d5 20.e5 Bb5 21.Bxb5 Nxb5 22.a4 Na7
23.Nd4 Rc8 24.Nc1 Qd7 25.b3 Bc5 26.Nce2 Nc6 27.Rf3 Qe7 28.Nxc6+ Rxc6 29.Nd4 Bxd4
30.Qxd4 Qh4 31.Rdd3 Rgc8 32.Rc3 Rxc3 33.Rxc3 Rxc3 34.Qxc3 Qxf4 35.Qc5 Qxe5
36.Qf8+ Ka7 37.Qc5+ Kb8 38.Qf8+ Kc7 39.Qxf7+ Kb6 40.Qe7 d4 41.Qd8+ Ka7 42.a5 Qf6
43.Qd7 e5 44.Qd5 Qe7 45.Kc1 Kb8 46.Kd1 Ka8 47.Qg8+ Ka7 48.Qd5 Qf6 49.Ke2 Qf5
50.Qc5+ Ka8 51.Kd2 Qg5+ 52.Ke1 Qh4+ 53.Kd2 Qg5+ 54.Ke1 Qf6 55.Qc8+ Ka7 56.Qc5+ Kb8
57.Qd5 Qh4+ 58.Kd2 Qg5+ 59.Kd1 Qxh5+ 60.Kc1 Qg5+ 61.Kb1 Qe7 62.Kc1 Ka8 63.Kd1 h5
64.b4 Qf6 65.Ke2 h4 66.b5 axb5 67.Qxb5 Qa6  0-1

[Event "Bad Endbach"]
[Site "Bad Endbach"]
[Date "1995.??.??"]
[Round "?"]
[White "Kaminski, Marcin"]
[Black "Tischbierek, Raj"]
[Result "0-1"]
[WhiteElo "2455"]
[BlackElo "2520"]

1.e4 c5 2.Nf3 Nc6 3.d4 cxd4 4.Nxd4 Nf6 5.Nc3 d6 6.Bg5 e6 7.Qd2 a6 8.O-O-O Bd7
9.f3 h6 10.Be3 Qc7 11.Kb1 Be7 12.g4 Ne5 13.h4 b5 14.Bd3 b4 15.Nce2 d5 16.g5 dxe4
17.gxf6 exd3 18.fxe7 dxe2 19.Qxe2 Ng6 20.Qg2 Rc8 21.h5 Nxe7 22.Qxg7 Rg8 23.Qh7 e5
24.Rhg1 exd4 25.Rxg8+ Nxg8 26.Bxd4 Ke7 27.b3 Be6 28.Qe4 Qc6 29.Qh4+ Ke8 30.Rd2 Ne7
31.Qf6 Bd5 32.Qg7 Qe6 33.Kb2 a5 34.f4 a4 35.bxa4 Qe1 36.Rf2 Nf5 37.Qh8+ Kd7
38.Qe5 Qxe5 39.Bxe5  0-1

[Event "Wch Seniors"]
[Site "Bad Liebenzell"]
[Date "1995.??.??"]
[Round "8"]
[White "Unzicker, Wolfgang"]
[Black "Katalymov, Boris N"]
[Result "1/2-1/2"]
[WhiteElo "2440"]
[BlackElo "2455"]

1.e4 c5 2.Nf3 d6 3.d4 cxd4 4.Nxd4 Nf6 5.Nc3 Nc6 6.Bg5 Bd7 7.Qd2 Rc8 8.O-O-O Nxd4
9.Qxd4 Qa5 10.h4 e5 11.Qe3 Rxc3 12.bxc3 Ng4 13.Qe1 h6 14.Be3 Qxa2 15.f3 Nxe3
16.Qxe3 Be7 17.Bd3 O-O 18.Kd2 Rc8 19.c4 Qa5+ 20.Ke2 Be6 21.Ra1 Qd8 22.Rxa7 Bxh4
23.Rxb7 Qf6 24.Rhb1 Kh7 25.Rb8 Rc5 26.R8b5 Bg5 27.Qf2 Rxc4 28.Bxc4 Bxc4+
29.Kd1 Bxb5 30.Rxb5 Qf4 31.Rb1 Bh4 32.Qd2 Qh2 33.c3 Bg5 34.Qe2 Qg1+ 35.Kc2 Qa7
36.g4 Qa4+ 37.Rb3 Qa2+ 38.Rb2 Qa1 39.Qd3 Qc1+ 40.Kb3 Be7 41.Rb1 Qf4 42.Ra1 Bh4
43.Ra6 Be7 44.Ra7 Bg5 45.Rd7 g6 46.Rxd6 h5 47.gxh5 gxh5 48.Qf1 Qg3 49.Rd1 h4
50.Qh1 Kh6 51.Rg1 Qf2 52.Rf1 Qb6+ 53.Kc2 Qe6 54.Rb1 h3 55.Qg1 Kh5 56.Rb8 f5
57.Rb6 Qc4 58.exf5 Qe2+ 59.Kb3 Qxf3 60.Rb8 Qxf5 61.Rh8+ Kg6 62.Rg8+ Kh6 63.Rh8+ Kg7
64.Rxh3 Qxh3 65.Qxg5+ Kf7 66.Qxe5 Qd3 67.Kb4 Qb1+ 68.Ka4 Qb2 69.Qc7+ Ke8
70.Qc6+ Kd8 71.c4 Qa1+ 72.Kb5 Qb2+ 73.Ka6 Qa1+ 74.Kb6 Qd4+ 75.c5 Qb2+ 76.Ka6 Qa1+
77.Kb7 Qg7+ 78.Ka8 Qa1+ 79.Kb8 Qe5+  1/2-1/2

[Event "Bad Woerishofen op"]
[Site "Bad Woerishofen"]
[Date "1995.??.??"]
[Round "5"]
[White "Arakhamia, Ketevan"]
[Black "Arbakov, Valentin"]
[Result "1-0"]
[WhiteElo "2400"]
[BlackElo "2500"]

1.e4 c5 2.Nf3 d6 3.d4 cxd4 4.Nxd4 Nf6 5.Nc3 Nc6 6.Bg5 e6 7.Qd2 a6 8.O-O-O h6
9.Be3 Qc7 10.f3 Bd7 11.Kb1 Be7 12.g4 Ne5 13.h4 b5 14.Bd3 Nc4 15.Bxc4 Qxc4
16.g5 Nh5 17.e5 O-O-O 18.Nf5 Bf8 19.Nxd6+ Bxd6 20.exd6 hxg5 21.hxg5 Ng3 22.Rhg1 Nf5
23.Bb6 Rde8 24.Ne4 Kb7 25.Nc5+ Kc6 26.b3 Qh4 27.Bc7 e5  1-0

[Event "Bad Woerishofen op"]
[Site "Bad Woerishofen"]
[Date "1995.??.??"]
[Round "7"]
[White "Arakhamia, Ketevan"]
[Black "Levin, Felix"]
[Result "0-1"]
[WhiteElo "2400"]
[BlackElo "2490"]

1.e4 c5 2.Nf3 d6 3.d4 cxd4 4.Nxd4 Nf6 5.Nc3 Nc6 6.Bg5 Qb6 7.Nb3 e6 8.Qd2 Be7
9.O-O-O O-O 10.f3 Rd8 11.Kb1 a6 12.Be3 Qc7 13.Qf2 Nd7 14.g4 b5 15.h4 Nce5
16.g5 Rb8 17.h5 b4 18.Ne2 Nc4 19.Bc1 a5 20.Ned4 Ndb6 21.g6 Bf6 22.gxf7+ Kxf7
23.f4 a4 24.Nb5 Qc6 25.N3d4 Qc5 26.h6 g6 27.Bh3 Na3+ 28.bxa3 Nc4 29.e5 Rxb5
30.exf6 bxa3+ 31.Ka1 e5 32.Qe2 Bxh3 33.Nxb5 Be6 34.Nc3 Rb8 35.Nxa4 Qb4 36.Bxa3 Qxa3
37.f5 gxf5  0-1

[Event "Bad Woerishofen op"]
[Site "Bad Woerishofen"]
[Date "1995.??.??"]
[Round "8"]
[White "Mainka, Romuald"]
[Black "Krakops, Maris"]
[Result "0-1"]
[WhiteElo "2515"]
[BlackElo "2475"]

1.e4 c5 2.Nf3 d6 3.d4 cxd4 4.Nxd4 Nf6 5.Nc3 Nc6 6.Bg5 e6 7.Qd2 a6 8.O-O-O h6
9.Be3 Bd7 10.f4 Be7 11.Kb1 b5 12.Bd3 O-O 13.Qe1 Nxd4 14.Bxd4 b4 15.Ne2 Bc6
16.Ng3 Qa5 17.Qe2 Rab8 18.Bxf6 Bxf6 19.Nh5 Bc3 20.Bc4 Bb5 21.Ng3 Rfc8 22.Bd3 Rc5
23.Qe3 Bxd3 24.Qxd3 Qa4 25.Ne2 Rbc8 26.Rc1 Ra5 27.a3 Bxb2 28.Kxb2 Rc3  0-1

[Event "Badalona op"]
[Site "Badalona"]
[Date "1995.??.??"]
[Round "5"]
[White "Agnos, Demetrios"]
[Black "Videki, Sandor"]
[Result "1/2-1/2"]
[WhiteElo "2450"]
[BlackElo "2470"]

1.e4 c5 2.Nf3 d6 3.d4 cxd4 4.Nxd4 Nf6 5.Nc3 Nc6 6.Bg5 e6 7.Qd2 a6 8.O-O-O h6
9.Be3 Bd7 10.f4 Qc7 11.Bd3 b5  1/2-1/2

[Event "Badenweiler op"]
[Site "Badenweiler"]
[Date "1995.??.??"]
[Round "3"]
[White "Vatter, Hans Joachim"]
[Black "Thoma, Christian"]
[Result "0-1"]
[WhiteElo "2385"]
[BlackElo "2225"]

1.e4 c5 2.Nf3 d6 3.d4 cxd4 4.Nxd4 Nf6 5.Nc3 Nc6 6.Bg5 e6 7.Bb5 Bd7 8.Bxc6 bxc6
9.Qf3 Qa5 10.Bxf6 gxf6 11.Qxf6 Rg8 12.Nb3 Qh5 13.Qf3 Qxf3 14.gxf3 d5 15.Ke2 Bd6
16.Rag1 Ke7 17.Rg4 Rg6 18.h3 Rag8 19.a3 Rg5 20.Ke3 f5 21.exf5 e5 22.Rxg5 Rxg5
23.f4 exf4+ 24.Kf3 Bxf5 25.Nd4 Bg6 26.Ke2 c5 27.Nc6+ Kd7 28.h4 f3+ 29.Ke1 Rg2
30.Nxa7 d4 31.Na4 Bxc2 32.Nb6+ Ke6 33.Nb5 Bf4 34.b4 Bd3 35.Na7 Bc1 36.Na4 Bc2
37.Nxc5+ Kd5 38.Nb5 d3 39.Nc3+ Kc4 40.N3e4 Bxa3 41.Nd2+ Kxb4 42.Nce4 Rg4
43.Ng5 Bc1 44.Ngxf3 Kc3 45.h5 Bxd2+ 46.Nxd2 Ra4  0-1

[Event "Balatonbereny op"]
[Site "Balatonbereny"]
[Date "1995.??.??"]
[Round "2"]
[White "Turzo, Attila"]
[Black "Videki, Sandor"]
[Result "0-1"]
[WhiteElo "2310"]
[BlackElo "2470"]

1.e4 c5 2.Nf3 d6 3.d4 cxd4 4.Nxd4 Nf6 5.Nc3 Nc6 6.Bg5 e6 7.Qd2 a6 8.O-O-O h6
9.Bf4 Bd7 10.Nxc6 Bxc6 11.f3 d5 12.Qe1 Bb4 13.a3 Ba5 14.Bd2 d4 15.e5 Qc7
16.Nb5 Bxd2+ 17.Qxd2 Qxe5 18.Qxd4 Qxd4 19.Nxd4 Bd7 20.Bd3 O-O 21.f4 Rac8
22.Rd2 Rc7 23.Kb1 Rd8 24.Rhd1 Kf8 25.g3 Ba4 26.Nf3 Rxd3 27.cxd3 Bxd1 28.Rxd1 Ke7
29.Rc1 Rxc1+ 30.Kxc1 Nd7 31.Kd2 Kd6 32.Ke3 Kd5 33.Nd4 g6 34.Ne2 e5 35.Nc3+ Ke6
36.b4 Nf6 37.fxe5 Kxe5 38.d4+ Kd6 39.Kd3 b6 40.h3 Nh5 41.Ne2 f5 42.Ke3 g5
43.Kd3 b5 44.h4 Ke6 45.hxg5 hxg5 46.Kd2 Nf6 47.Nc3 Nd5 48.Nd1 f4 49.g4 Kd6
50.Kd3 Nf6 51.Nf2 Kd5 52.Nh3 Ne4 53.Ng1 Nf2+ 54.Ke2 Nxg4 55.Nf3 Ne3 56.Nxg5 Nc2
57.Kd3 Nxd4 58.Nh3 Ne6 59.Nf2 Ng5 60.Ng4 Ne4 61.Nh2 Nf6 62.Nf3 Ng4  0-1

[Event "Balatonbereny op"]
[Site "Balatonbereny"]
[Date "1995.??.??"]
[Round "4"]
[White "Boros, Daniel"]
[Black "Videki, Sandor"]
[Result "0-1"]
[WhiteElo "2325"]
[BlackElo "2470"]

1.e4 c5 2.Nf3 d6 3.d4 cxd4 4.Nxd4 Nf6 5.Nc3 Nc6 6.Bg5 e6 7.Qd2 a6 8.O-O-O h6
9.Bf4 Bd7 10.Nxc6 Bxc6 11.f3 d5 12.Qe1 Bb4 13.a3 Ba5 14.Bd2 d4 15.e5 Qc7
16.Nb5 Bxd2+ 17.Qxd2 Qxe5 18.Nxd4 O-O 19.Nxc6 bxc6 20.Qd4 Qc7 21.Bd3 a5 22.c4 Rfd8
23.Qe3 Rab8 24.Rd2 c5 25.g4 Rd4 26.h4 Rbd8 27.Rhd1 Qg3 28.Bc2 e5 29.g5 hxg5
30.hxg5 Nh5 31.Kb1 g6 32.Be4 Nf4 33.Rxd4 Rxd4 34.Rxd4 exd4 35.Qd2 a4 36.Qa5 Qxg5
37.Qxa4 Qe5 38.Qd1 f5 39.Bd3 Qe3 40.Kc2 Ng2 41.Be2 d3+  0-1

[Event "Balatonbereny-C"]
[Site "Balatonbereny"]
[Date "1995.??.??"]
[Round "9"]
[White "Lengyel, Bela"]
[Black "Titz, Heimo"]
[Result "0-1"]
[WhiteElo "2425"]
[BlackElo "2300"]

1.e4 c5 2.Nf3 Nc6 3.d4 cxd4 4.Nxd4 Nf6 5.Nc3 d6 6.Bg5 Bd7 7.Bxf6 gxf6 8.Nf5 Qa5
9.Bb5 a6 10.Bxc6 bxc6 11.Qd3 Qb4 12.O-O e6 13.a3 Qb8 14.Ne3 Be7 15.Rad1 O-O
16.Rfe1 Re8 17.Ng4 h5 18.Qg3 hxg4 19.Qxg4+ Kf8 20.Qh4 Bd8 21.Rd3 Ke7 22.e5 d5
23.Rh3 Bc8 24.Nxd5+ cxd5 25.Rb3 Qc7 26.Rc3 Qb6 27.Qxf6+ Kd7 28.Qxf7+ Re7
29.Qg6 Qxb2 30.Rb3 Qd4 31.Rd3 Qc5 32.h4 Bb7 33.h5 Ba5 34.Re4 Qxc2 35.Rg4 Qc1+
36.Kh2 Rh8 37.Rh4 Rh6 38.Qe4 Qe1 39.Qf4 Reh7 40.Re3 Qd1 41.Qf8 Bc7 42.Rf3 Bxe5+
43.g3 Bd6 44.Rf7+ Rxf7 45.Qxf7+ Be7 46.g4 Rf6  0-1

[Event "Balatonbereny-C"]
[Site "Balatonbereny"]
[Date "1995.??.??"]
[Round "10"]
[White "Karolyi, Tibor Jr"]
[Black "Titz, Heimo"]
[Result "1-0"]
[WhiteElo "2380"]
[BlackElo "2300"]

1.e4 c5 2.Nf3 Nc6 3.d4 cxd4 4.Nxd4 Nf6 5.Nc3 d6 6.Bg5 e6 7.Qd2 a6 8.O-O-O Bd7
9.f4 h6 10.Bh4 g5 11.fxg5 Ng4 12.Bc4 Nge5 13.Bb3 Be7 14.Kb1 hxg5 15.Bg3 Na5
16.Nf3 Nxb3 17.axb3 f6 18.h4 gxh4 19.Bxh4 Qc7 20.Ne2 O-O-O 21.Nf4 Nxf3 22.gxf3 Rdg8
23.Bf2 Bf8 24.Rxh8 Rxh8 25.Ng6 Rg8 26.Nxf8 Rxf8 27.Qh6 Qd8 28.Rxd6 Rh8 29.Qd2 Rh2
30.Qc3+ Qc7 31.Bc5 Rh1+ 32.Ka2 Rh5 33.b4 a5 34.Qd3 Rh2 35.c4 b5 36.cxb5 axb4
37.Bb6 b3+ 38.Kxb3 Qb7 39.Rc6+ Kb8 40.Qd6+  1-0